[Event "Quebec-ch int"]
[Site "Montreal"]
[Date "2009.06.25"]
[Round "7"]
[White "Leveille, Francois"]
[Black "Ye, Ling Feng"]
[Result "1/2-1/2"]
[WhiteElo "2261"]
[BlackElo "2179"]
[PlyCount "82"]
[EventDate "2009.06.19"]
[EventType "tourn"]
[EventRounds "9"]
[EventCountry "CAN"]
[EventCategory "7"]
[SourceTitle "CBM 130 Extra"]
[Source "ChessBase"]
[SourceDate "2009.07.02"]
[SourceVersion "2"]
[SourceVersionDate "2009.07.15"]
[SourceQuality "1"]

1. e4 c5 2. Nf3 a6 3. Nc3 d6 4. d4 cxd4 5. Nxd4 Nf6 6. Bg5 e6 7. f4 Qc7 8. Qe2 Nbd7 9. 0-0-0 b5 10. g4 Bb7 11. Bg2 Nb6 12. Rhe1 Qc4 13. Rd3 Be7 14. e5 Bxg2 15. exf6 gxf6 16. Bh6 Bb7 17. Nf5 b4 18. b3 Qc7 19. Ng7+ Kd8 20. Ne4 Kc8 21. Nxe6 fxe6 22. Nxd6+ Bxd6 23. Qxe6+ Kb8 24. Rxd6 Ka7 25. Qxf6 Rac8 26. c4 bxc3 27. f5 Rhe8 28. Ree6 Rxe6 29. Qxe6 Re8 30. Qxe8 Qxd6 31. Be3 Qa3+ 32. Kc2 Qb2+ 33. Kd3 c2 34. Bxb6+ Kxb6 35. Qe3+ Kb5 36. Qe8+ Bc6 37. Qb8+ Kc5 38. Qf8+ Kb6 39. Qb8+ Bb7 40. Qd6+ Bc6 41. Qb8+ Bb7 1/2-1/2

[Event "Quebec-ch int"]
[Site "Montreal"]
[Date "2009.06.22"]
[Round "4"]
[White "Ye, Ling Feng"]
[Black "Bluvshtein, Mark"]
[Result "0-1"]
[WhiteElo "2179"]
[BlackElo "2558"]
[PlyCount "100"]
[EventDate "2009.06.19"]
[EventType "tourn"]
[EventRounds "9"]
[EventCountry "CAN"]
[EventCategory "7"]
[SourceTitle "CBM 130 Extra"]
[Source "ChessBase"]
[SourceDate "2009.07.02"]
[SourceVersion "2"]
[SourceVersionDate "2009.07.15"]
[SourceQuality "1"]

1. e4 c5 2. Nf3 d6 3. c3 Nf6 4. Be2 g6 5. 0-0 Bg7 6. Bb5+ Nbd7 7. Re1 a6 8. Bf1 Ne5 9. d4 Nxf3+ 10. Qxf3 Nd7 11. Qd3 0-0 12. Be3 b5 13. Nd2 Bb7 14. g3 e5 15. dxc5 Nxc5 16. Bxc5 dxc5 17. Qe3 Qc7 18. c4 b4 19. Nb3 Rac8 20. Rad1 a5 21. Rd2 a4 22. Nc1 Rcd8 23. Red1 Rd4 24. Bd3 f5 25. f3 f4 26. gxf4 exf4 27. Qe1 Rfd8 28. Ne2 R4d7 29. Bc2 Bxb2 30. Bxa4 Rxd2 31. Rxd2 Be5 32. Qd1 Rxd2 33. Qxd2 Kf7 34. Bb5 g5 35. h3 Bc8 36. Qd5+ Be6 37. Qa8 Bxh3 38. Qe8+ Kg7 39. Qh5 Be6 40. Qxg5+ Kh8 41. Qh5 Qd6 42. Kf2 Bg8 43. Qf5 h6 44. Qh5 Qf6 45. Qg4 Be6 46. Qh5 Kg7 47. Qh1 Bd4+ 48. Kg2 Be3 49. Qh5 Kh7 50. Qe8 Qh4 0-1

[Event "Quebec-ch sf final-2"]
[Site "Montreal"]
[Date "2009.06.13"]
[Round "3"]
[White "Ye, Ling Feng"]
[Black "Jiang, Louie"]
[Result "1/2-1/2"]
[WhiteElo "2228"]
[BlackElo "2236"]
[PlyCount "43"]
[EventDate "2009.06.12"]
[EventType "tourn"]
[EventRounds "5"]
[EventCountry "CAN"]
[SourceTitle "EXT 2011"]
[Source "ChessBase"]
[SourceDate "2010.11.26"]
[SourceVersion "1"]
[SourceVersionDate "2010.11.26"]
[SourceQuality "1"]

1. e4 c5 2. Nf3 a6 3. c3 d5 4. exd5 Qxd5 5. d4 Nf6 6. Be2 e6 7. 0-0 Nc6 8. Be3 cxd4 9. Nxd4 Nxd4 10. Bxd4 Bc5 11. Bf3 Qd6 12. Bxc5 Qxc5 13. b4 Qc7 14. Qe2 0-0 15. Rd1 Bd7 16. c4 Rac8 17. Nd2 Rfd8 18. Rac1 e5 19. Ne4 Nxe4 20. Bxe4 Ba4 21. Rd5 Rxd5 22. Bxd5 1/2-1/2

[Event "Quebec Interclubs sf final"]
[Site "Montreal"]
[Date "2009.05.08"]
[Round "1"]
[White "Ye, Ling Feng"]
[Black "Poulin, Mathieu"]
[Result "1-0"]
[WhiteElo "2226"]
[BlackElo "1786"]
[PlyCount "141"]
[EventDate "2009.05.08"]
[EventType "team"]
[EventRounds "5"]
[EventCountry "CAN"]
[SourceTitle "EXT 2011"]
[Source "ChessBase"]
[SourceDate "2010.11.26"]
[SourceVersion "1"]
[SourceVersionDate "2010.11.26"]
[SourceQuality "1"]

1. e3 d5 2. Nf3 c5 3. c4 Nf6 4. cxd5 Nxd5 5. Nc3 g6 6. Bb5+ Bd7 7. Qb3 Nxc3 8. Bc4 e6 9. Qxc3 Rg8 10. 0-0 Bc6 11. Be2 Nd7 12. Rb1 Bg7 13. Qc2 Qe7 14. d4 Rd8 15. b3 cxd4 16. Nxd4 Bd5 17. Nb5 Nc5 18. Ba3 b6 19. Rbc1 a6 20. Nc3 Qb7 21. Nxd5 Qxd5 22. Bf3 Qe5 23. Bc6+ Ke7 24. b4 Nd3 25. b5+ Kf6 26. Rcd1 Bf8 27. Rxd3 Bxa3 28. Rxa3 axb5 29. Qe2 Qc5 30. Qf3+ Kg7 31. Ra7 Rgf8 32. Rd7 Rde8 33. Bb7 Rd8 34. Rfd1 Rxd7 35. Rxd7 Qc4 36. g3 Qxa2 37. Qc6 b4 38. Qxb6 b3 39. Be4 Rc8 40. Qxe6 Rf8 41. Rb7 Qa1+ 42. Kg2 b2 43. Qe5+ Kg8 44. Qxb2 Qa4 45. Bd5 Qe8 46. Qf6 h5 47. h4 Kh7 48. Rxf7+ Rxf7 49. Qxf7+ Qxf7 50. Bxf7 Kg7 51. Bxg6 Kxg6 52. f4 Kf6 53. e4 Ke6 54. Kf3 Kf6 55. g4 hxg4+ 56. Kxg4 Kg6 57. e5 Kh6 58. f5 Kh7 59. e6 Kg7 60. Kg5 Kf8 61. h5 Ke8 62. h6 Kd8 63. h7 Kc7 64. h8Q Kd6 65. e7 Kd5 66. e8Q Kd6 67. Qh2+ Kd5 68. Qd2+ Kc5 69. Qc8+ Kb5 70. Qb2+ Ka4 71. Qa8# 1-0

[Event "Wch U18"]
[Site "Vung Tau"]
[Date "2008.10.28"]
[Round "9"]
[White "Ye, Ling Feng"]
[Black "Kharchenko, Boris"]
[Result "1/2-1/2"]
[WhiteElo "2188"]
[BlackElo "2443"]
[PlyCount "81"]
[EventDate "2008.10.20"]
[EventType "swiss"]
[EventRounds "11"]
[EventCountry "VIE"]
[SourceTitle "EXT 2009"]
[Source "ChessBase"]
[SourceDate "2008.11.26"]
[SourceVersion "1"]
[SourceVersionDate "2008.11.26"]
[SourceQuality "1"]

1. e4 e6 2. d4 d5 3. Nd2 c5 4. exd5 Qxd5 5. Ngf3 cxd4 6. Bc4 Qd8 7. 0-0 Nc6 8. Nb3 a6 9. Nbxd4 Nxd4 10. Nxd4 Qc7 11. Bb3 Bd6 12. Re1 Bxh2+ 13. Kh1 Bd6 14. Nf5 Be5 15. f4 Bf6 16. Nd6+ Ke7 17. Ne4 Kf8 18. f5 Bd7 19. Nd6 Rd8 20. Bf4 e5 21. Nxf7 exf4 22. Nxh8 Bxf5 23. Qe2 Nh6 24. Rad1 g6 25. Rxd8+ Qxd8 26. Qc4 Kg7 27. Nf7 b5 28. Nxd8 bxc4 29. Ne6+ Bxe6 30. Rxe6 cxb3 31. cxb3 g5 32. Rxa6 Nf5 33. b4 g4 34. b5 Bd4 35. b6 f3 36. gxf3 gxf3 37. Ra3 Ne3 38. Rxe3 Bxe3 39. b7 Ba7 40. Kh2 Bb8+ 41. Kg1 1/2-1/2

[Event "Wch U18"]
[Site "Vung Tau"]
[Date "2008.10.23"]
[Round "5"]
[White "Ye, Ling Feng"]
[Black "Garnelis, Julius"]
[Result "1/2-1/2"]
[WhiteElo "2188"]
[BlackElo "2188"]
[PlyCount "56"]
[EventDate "2008.10.20"]
[EventType "swiss"]
[EventRounds "11"]
[EventCountry "VIE"]
[SourceTitle "EXT 2009"]
[Source "ChessBase"]
[SourceDate "2008.11.26"]
[SourceVersion "1"]
[SourceVersionDate "2008.11.26"]
[SourceQuality "1"]

1. e4 c6 2. d4 d5 3. Nc3 dxe4 4. Nxe4 Bf5 5. Ng3 Bg6 6. h4 h6 7. Nf3 Nd7 8. h5 Bh7 9. Bd3 Bxd3 10. Qxd3 Qc7 11. Bd2 e6 12. 0-0-0 Ngf6 13. Ne4 0-0-0 14. g3 Be7 15. c4 c5 16. d5 Nxe4 17. Qxe4 Nf6 18. Qc2 exd5 19. Qf5+ Qd7 20. Qxd7+ Nxd7 21. cxd5 Bf6 22. Ba5 Rde8 23. Rhe1 Ne5 24. Nxe5 Bxe5 25. Bc3 Bxc3 26. bxc3 Kd7 27. c4 a6 28. Kc2 b5 1/2-1/2

[Event "Wch U18"]
[Site "Vung Tau"]
[Date "2008.10.20"]
[Round "1"]
[White "Ye, Ling Feng"]
[Black "Tomczak, Jacek"]
[Result "0-1"]
[WhiteElo "2188"]
[BlackElo "2461"]
[PlyCount "42"]
[EventDate "2008.10.20"]
[EventType "swiss"]
[EventRounds "11"]
[EventCountry "VIE"]
[SourceTitle "EXT 2009"]
[Source "ChessBase"]
[SourceDate "2008.11.26"]
[SourceVersion "1"]
[SourceVersionDate "2008.11.26"]
[SourceQuality "1"]

1. e4 d5 2. exd5 Nf6 3. d4 Nxd5 4. c4 Nb6 5. Nf3 Bg4 6. c5 N6d7 7. Bc4 e6 8. Be3 Be7 9. 0-0 0-0 10. Nc3 Nc6 11. Bb5 e5 12. d5 Nd4 13. Bxd4 exd4 14. d6 dxc3 15. dxe7 Qxe7 16. Re1 Qd8 17. h3 cxb2 18. Rb1 Bf5 19. Rxb2 c6 20. Nd4 Qf6 21. Bc4 Nxc5 0-1

[Event "Lanaudiere"]
[Site "Repentigny"]
[Date "2008.08.15"]
[Round "1"]
[White "Lacroix, Serge"]
[Black "Ye, Ling Feng"]
[Result "0-1"]
[WhiteElo "1848"]
[BlackElo "2215"]
[PlyCount "78"]
[EventDate "2008.08.15"]
[EventType "swiss"]
[EventRounds "5"]
[EventCountry "CAN"]
[SourceTitle "EXT 2011"]
[Source "ChessBase"]
[SourceDate "2010.11.26"]
[SourceVersion "1"]
[SourceVersionDate "2010.11.26"]
[SourceQuality "1"]

1. d4 d5 2. c4 e6 3. Nf3 Nf6 4. Bg5 Be7 5. Nc3 Nbd7 6. e3 0-0 7. Rc1 a6 8. Bd3 dxc4 9. Bxc4 b5 10. Bd3 Bb7 11. 0-0 c5 12. dxc5 Nxc5 13. Bb1 Qa5 14. Qc2 Ncd7 15. Rfd1 Rfd8 16. Bxf6 Nxf6 17. Rxd8+ Rxd8 18. Ne5 b4 19. Nc4 Qh5 20. Ne2 Qg5 21. Ng3 h5 22. f4 Qc5 23. h3 g6 24. Kh2 a5 25. b3 h4 26. Nf1 Ne4 27. Rd1 Bd5 28. Ne5 Qxc2 29. Bxc2 Nc3 30. Rd2 Bf6 31. g3 Bxe5 32. fxe5 Rc8 33. Bd3 a4 34. gxh4 a3 35. Rc2 Rd8 36. Bc4 Bxc4 37. bxc4 b3 38. axb3 a2 39. Rc1 Nb1 0-1

[Event "Quebec op U2400"]
[Site "Montreal"]
[Date "2008.07.26"]
[Round "8"]
[White "Caire, Francois"]
[Black "Ye, Ling Feng"]
[Result "1/2-1/2"]
[WhiteElo "2183"]
[BlackElo "2197"]
[PlyCount "29"]
[EventDate "2008.07.19"]
[EventType "swiss"]
[EventRounds "9"]
[EventCountry "CAN"]
[SourceTitle "EXT 2011"]
[Source "ChessBase"]
[SourceDate "2010.11.26"]
[SourceVersion "1"]
[SourceVersionDate "2010.11.26"]
[SourceQuality "1"]

1. d4 d5 2. Nf3 e6 3. c4 Nf6 4. Nc3 Be7 5. Qc2 0-0 6. Bg5 Nbd7 7. Rd1 c6 8. e3 a6 9. a3 Re8 10. Bd3 dxc4 11. Bxc4 Nd5 12. Bxe7 Qxe7 13. 0-0 Nxc3 14. Qxc3 c5 15. Ba2 1/2-1/2

[Event "Quebec op U2400"]
[Site "Montreal"]
[Date "2008.07.22"]
[Round "4"]
[White "Ye, Ling Feng"]
[Black "MacKinnon, Keith"]
[Result "1/2-1/2"]
[WhiteElo "2197"]
[BlackElo "2029"]
[PlyCount "71"]
[EventDate "2008.07.19"]
[EventType "swiss"]
[EventRounds "9"]
[EventCountry "CAN"]
[SourceTitle "EXT 2011"]
[Source "ChessBase"]
[SourceDate "2010.11.26"]
[SourceVersion "1"]
[SourceVersionDate "2010.11.26"]
[SourceQuality "1"]

1. e4 e5 2. Nf3 Nc6 3. Bb5 a6 4. Bxc6 dxc6 5. 0-0 Bg4 6. h3 h5 7. d3 Qf6 8. Nbd2 Ne7 9. Re1 Ng6 10. d4 Bd6 11. hxg4 hxg4 12. Nh2 Rxh2 13. Qxg4 Qh4 14. Qxh4 Rxh4 15. Nf3 Rh5 16. Nxe5 Nxe5 17. dxe5 Bxe5 18. c3 0-0-0 19. f4 Bf6 20. Be3 Bh4 21. Red1 Re8 22. e5 f6 23. g4 Rhh8 24. Bd4 c5 25. Bxc5 fxe5 26. f5 Bg5 27. Kg2 Rh4 28. Rd3 Rxg4+ 29. Rg3 Rxg3+ 30. Kxg3 Rh8 31. Kf3 Rh4 32. Be3 Be7 33. Rg1 Rh3+ 34. Rg3 e4+ 35. Kg2 Rxg3+ 36. Kxg3 1/2-1/2

[Event "CAN-ch U18"]
[Site "Quebec"]
[Date "2008.07.14"]
[Round "2"]
[White "McDonald, Justin"]
[Black "Ye, Ling Feng"]
[Result "0-1"]
[WhiteElo "2043"]
[BlackElo "2226"]
[PlyCount "62"]
[EventDate "2008.07.14"]
[EventType "tourn"]
[EventRounds "5"]
[EventCountry "CAN"]
[SourceTitle "EXT 2011"]
[Source "ChessBase"]
[SourceDate "2010.11.26"]
[SourceVersion "1"]
[SourceVersionDate "2010.11.26"]
[SourceQuality "1"]

1. e4 c5 2. f4 d6 3. Nc3 Nc6 4. Nf3 Nf6 5. Bc4 e6 6. Qe2 a6 7. a4 Be7 8. e5 dxe5 9. fxe5 Nd5 10. Qe4 Nb6 11. Ba2 Bd7 12. Qg4 g6 13. d3 Qc7 14. Bf4 Nd4 15. 0-0 h5 16. Qg3 Nxc2 17. Bg5 Bc6 18. Bxe7 Qxe7 19. Ng5 h4 20. Qf4 Nxa1 21. Nce4 Bxe4 22. Nxe4 0-0-0 23. Nd6+ Kb8 24. Qxf7 Qxf7 25. Rxf7 Rd7 26. Rf2 Nd5 27. Ne4 b6 28. a5 Kc7 29. axb6+ Kxb6 30. Bxd5 Rxd5 31. Nc3 Rxe5 0-1

[Event "CAN-ch U20"]
[Site "Toronto"]
[Date "2008.05.11"]
[Round "5"]
[White "Ye, Ling Feng"]
[Black "Samsonkin, Artiom"]
[Result "0-1"]
[WhiteElo "2192"]
[BlackElo "2461"]
[PlyCount "64"]
[EventDate "2008.05.09"]
[EventType "swiss"]
[EventRounds "9"]
[EventCountry "CAN"]
[SourceTitle "EXT 2011"]
[Source "ChessBase"]
[SourceDate "2010.11.26"]
[SourceVersion "1"]
[SourceVersionDate "2010.11.26"]
[SourceQuality "1"]

1. e4 c5 2. Nf3 d6 3. d4 cxd4 4. Nxd4 Nf6 5. Nc3 Nc6 6. Be2 e5 7. Nb3 Be7 8. Be3 0-0 9. 0-0 a5 10. a4 Nb4 11. Bf3 d5 12. exd5 Bf5 13. Rc1 e4 14. Be2 Nbxd5 15. Bd4 Nxc3 16. Bxc3 Qc7 17. Qe1 b6 18. Nd4 Bg6 19. Nb5 Qc6 20. b3 Nd5 21. Bc4 Nf4 22. Be5 Bg5 23. Qc3 Rfc8 24. Rcd1 Qc5 25. Kh1 Ne6 26. Rd7 Bf4 27. Bxf4 Nxf4 28. Qe3 Qf5 29. Rfd1 Nd3 30. Rxf7 Bxf7 31. Bxf7+ Qxf7 32. cxd3 Qxb3 0-1

[Event "Wch U18"]
[Site "Kemer"]
[Date "2007.11.20"]
[Round "3"]
[White "Ye, Ling Feng"]
[Black "Toufighi, Homayoon"]
[Result "0-1"]
[WhiteElo "2214"]
[BlackElo "2385"]
[PlyCount "64"]
[EventDate "2007.11.18"]
[EventType "swiss"]
[EventRounds "11"]
[EventCountry "TUR"]
[SourceTitle "CBM 121 Extra"]
[Source "ChessBase"]
[SourceDate "2008.01.10"]
[SourceVersion "1"]
[SourceVersionDate "2008.01.10"]
[SourceQuality "1"]

1. e4 e6 2. d4 d5 3. Nd2 c5 4. exd5 Qxd5 5. Ngf3 cxd4 6. Bc4 Qd6 7. 0-0 Nf6 8. Nb3 Nc6 9. Nbxd4 Nxd4 10. Nxd4 a6 11. Bb3 Qc7 12. Qf3 Bd6 13. h3 0-0 14. Bg5 b5 15. Bxf6 gxf6 16. Qxf6 Be5 17. Qh4 Bb7 18. c3 Kh8 19. f4 Rg8 20. Rf2 Bd6 21. Qf6+ Rg7 22. Bxe6 Be7 23. Qf5 Bh4 24. Re2 fxe6 25. Nxe6 Qb6+ 26. Kh2 Rg6 27. Nf8 Rxf8 28. Qxf8+ Rg8 29. Qf7 Bxg2 30. Qh5 Bg3+ 31. Kxg2 Qc6+ 32. Kg1 Bxf4+ 0-1

[Event "Montreal Quebec op"]
[Site "Montreal"]
[Date "2007.07.27"]
[Round "8"]
[White "Grant, Jonathan"]
[Black "Ye, Ling Feng"]
[Result "1-0"]
[WhiteElo "2280"]
[BlackElo "2141"]
[PlyCount "109"]
[EventDate "2007.07.20"]
[EventType "swiss"]
[EventRounds "9"]
[EventCountry "CAN"]
[SourceTitle "CBM 119 Extra"]
[Source "ChessBase"]
[SourceDate "2007.09.04"]
[SourceVersion "1"]
[SourceVersionDate "2007.09.04"]
[SourceQuality "1"]

1. c4 e6 2. Nc3 d5 3. d4 Be7 4. Nf3 Nf6 5. Bg5 0-0 6. e3 Nbd7 7. Rc1 a6 8. cxd5 exd5 9. Bd3 Re8 10. 0-0 Nf8 11. h3 c6 12. Ne5 N6d7 13. Bf4 Nxe5 14. Bxe5 Bd6 15. Bxd6 Qxd6 16. Na4 Qd8 17. b4 Re6 18. Qf3 Rh6 19. Qg3 Ng6 20. f4 Nh4 21. f5 a5 22. f6 Ng6 23. b5 Bd7 24. Nc5 Bc8 25. bxc6 bxc6 26. fxg7 Qe7 27. Rb1 Kxg7 28. Rb6 Qh4 29. Qf3 Nh8 30. Qf4 Qxf4 31. exf4 Rd6 32. f5 f6 33. Bb5 Nf7 34. Rxc6 Rb8 35. a4 Rxc6 36. Bxc6 Rb4 37. Rf4 Nd6 38. g4 Kh6 39. h4 Rb1+ 40. Kg2 Nc4 41. Rf3 Rd1 42. Rd3 Rxd3 43. Nxd3 Ne3+ 44. Kf3 Nc2 45. Bxd5 Nxd4+ 46. Ke4 Ne2 47. Nc5 Kg7 48. Bc4 Nc3+ 49. Kd4 Nd1 50. Be2 Nf2 51. Ke3 Nh3 52. Bf1 Ng1 53. Kf2 h5 54. Kxg1 hxg4 55. Bd3 1-0

[Event "Montreal Quebec op"]
[Site "Montreal"]
[Date "2007.07.26"]
[Round "7"]
[White "Masse, Hugues"]
[Black "Ye, Ling Feng"]
[Result "1/2-1/2"]
[WhiteElo "2181"]
[BlackElo "2141"]
[PlyCount "26"]
[EventDate "2007.07.20"]
[EventType "swiss"]
[EventRounds "9"]
[EventCountry "CAN"]
[SourceTitle "CBM 119 Extra"]
[Source "ChessBase"]
[SourceDate "2007.09.04"]
[SourceVersion "1"]
[SourceVersionDate "2007.09.04"]
[SourceQuality "1"]

1. d4 d5 2. c4 e6 3. Nc3 Be7 4. Nf3 Nf6 5. Bf4 0-0 6. e3 a6 7. a3 dxc4 8. Bxc4 b5 9. Ba2 Bb7 10. 0-0 Nbd7 11. Qe2 c5 12. dxc5 Nxc5 13. Rfd1 b4 1/2-1/2

[Event "Montreal Quebec op"]
[Site "Montreal"]
[Date "2007.07.25"]
[Round "6"]
[White "Ye, Ling Feng"]
[Black "Hebert, Jean"]
[Result "0-1"]
[WhiteElo "2141"]
[BlackElo "2391"]
[PlyCount "68"]
[EventDate "2007.07.20"]
[EventType "swiss"]
[EventRounds "9"]
[EventCountry "CAN"]
[SourceTitle "CBM 119 Extra"]
[Source "ChessBase"]
[SourceDate "2007.09.04"]
[SourceVersion "1"]
[SourceVersionDate "2007.09.04"]
[SourceQuality "1"]

1. e4 d6 2. d4 g6 3. Nc3 c6 4. Nf3 Bg7 5. Bd3 Nf6 6. 0-0 0-0 7. h3 Nbd7 8. Be3 e5 9. Qd2 exd4 10. Bxd4 Re8 11. Rfe1 b5 12. a3 a6 13. Rad1 c5 14. Be3 Bb7 15. Bg5 Qb6 16. b3 Rac8 17. Nd5 Nxd5 18. exd5 Rxe1+ 19. Rxe1 c4 20. bxc4 bxc4 21. Bf1 c3 22. Qd1 Nf6 23. Bxf6 Bxf6 24. Re4 Qc5 25. Rb4 Rc7 26. Bc4 a5 27. Ra4 Re7 28. Bb3 Ba6 29. Rf4 Re2 30. Nh2 Be5 31. Rf3 Rd2 32. Qe1 Qd4 33. Rd3 Bxh2+ 34. Kxh2 Bxd3 0-1

[Event "CAN-ch U18"]
[Site "Ottawa"]
[Date "2007.07.05"]
[Round "5"]
[White "Tam, Timothy"]
[Black "Ye, Ling Feng"]
[Result "0-1"]
[WhiteElo "1876"]
[BlackElo "2084"]
[PlyCount "118"]
[EventDate "2007.07.03"]
[EventType "swiss"]
[EventRounds "6"]
[EventCountry "CAN"]
[SourceTitle "EXT 2022"]
[Source "ChessBase"]
[SourceDate "2021.10.06"]
[SourceVersion "1"]
[SourceVersionDate "2021.10.06"]
[SourceQuality "1"]

1. e4 c5 2. Nf3 e6 3. d4 cxd4 4. Nxd4 Nf6 5. Nc3 d6 6. g3 Be7 7. Bg2 0-0 8. 0-0 a6 9. a4 Nc6 10. h3 Qc7 11. Be3 Ne5 12. Nf3 Nc4 13. Bc1 Bd7 14. b3 Na5 15. Qd3 Rac8 16. Bb2 Nc6 17. Rad1 Rfd8 18. Qe2 Qa5 19. Rfe1 Ne5 20. Nxe5 dxe5 21. Qf3 Bb4 22. Re3 Bc5 23. Red3 Bd4 24. Kh2 b5 25. axb5 axb5 26. Ra1 Qb6 27. Rad1 b4 28. Na4 Bxa4 29. Bxd4 exd4 30. bxa4 Rxc2 31. Rb1 Qc5 32. Rdb3 Rc3 33. Qd1 Rxb3 34. Rxb3 h6 35. Qd2 Rb8 36. a5 e5 37. a6 Qa5 38. Qd3 Nd7 39. Qc4 Nc5 40. a7 Qxa7 41. Rxb4 Rxb4 42. Qxb4 Qc7 43. Qc4 Ne6 44. Qe2 Qd6 45. Bf1 Nc5 46. f3 d3 47. Qd2 Qd4 48. Kg2 g6 49. h4 Kg7 50. Kh2 Qc4 51. Kh3 Qc2 52. Qe3 d2 53. Be2 Nd3 54. Bxd3 Qc8+ 55. g4 d1Q 56. Be2 Qh1+ 57. Kg3 Qcc1 58. Qxc1 Qxc1 59. Kg2 Qe1 0-1

[Event "CAN-ch U18"]
[Site "Ottawa"]
[Date "2007.07.04"]
[Round "4"]
[White "Ye, Ling Feng"]
[Black "Cheng, Bindi"]
[Result "1/2-1/2"]
[WhiteElo "2084"]
[BlackElo "2272"]
[PlyCount "81"]
[EventDate "2007.07.03"]
[EventType "swiss"]
[EventRounds "6"]
[EventCountry "CAN"]
[SourceTitle "EXT 2022"]
[Source "ChessBase"]
[SourceDate "2021.10.06"]
[SourceVersion "1"]
[SourceVersionDate "2021.10.06"]
[SourceQuality "1"]

1. e4 d5 2. exd5 Nf6 3. d4 Bg4 4. f3 Bf5 5. Bb5+ Nbd7 6. c4 a6 7. Bxd7+ Qxd7 8. Nc3 b5 9. b3 e6 10. dxe6 Qxe6+ 11. Qe2 Bb4 12. Bd2 0-0-0 13. Qxe6+ Bxe6 14. cxb5 Rhe8 15. Nge2 Bf5 16. Kf2 axb5 17. a3 Bxc3 18. Bxc3 Bc2 19. b4 Nd5 20. Rac1 Bd3 21. Rhe1 Bxe2 22. Rxe2 Rxe2+ 23. Kxe2 Re8+ 24. Kd2 Ne3 25. Re1 Nc4+ 26. Kd3 Rxe1 27. Bxe1 Nxa3 28. d5 Kd7 29. Bg3 f6 30. h4 h5 31. Bf4 Nc4 32. Kd4 Nb2 33. g4 g6 34. gxh5 gxh5 35. Ke4 Na4 36. Kd4 Nb2 37. Bc1 Na4 38. Bd2 Kd6 39. Ke4 Nb6 40. Bf4+ Kd7 41. Kd4 1/2-1/2